000
00284nam a22001337a 4500
008
180314b xxu||||| |||| 00| 0 eng d
020
_a
9780958054430
041
_a
eng
080
_a
91
100
_a
42
101
_a
GJEO
245
_a
America wide
_c
Schuller,R.H
942
_2
udc
_c
BK
999
_c
45010
_d
45010